[Event "WYCC U16 Open 2019"]
[Site "Mumbai"]
[Date "2019.10.06"]
[Round "6.11"]
[White "Utsab Chatterjee"]
[Black "Raja Rithvik R"]
[Result "0-1"]
[WhiteElo "2211"]
[BlackElo "2369"]
[Annotator "TA"]
[PlyCount "70"]
[EventDate "2019.10.02"]
[EventType "swiss"]
[EventCountry "IND"]
[SourceTitle "playchess.com"]
[Source "ChessBase"]
[SourceQuality "1"]

{[%evp 9,86,0,23,25,25,23,11,25,28,0,19,0,54,15,53,12,57,-41,-29,-12,-27,-91,-97,-61,-19,-18,-19,-8,-20,-176,-176,-220,-215,-276,-281,-280,-283,-295,-293,-312,-312,-311,-308,-340,-334,-318,-300,-332,0,-369,-329,-378,-383,-427,-273,-316,-322,-287,-266,-319,-300,-297,-286,-401,-404,-426,-414,-507,-428,-425,-413,-542,-540,-604,-593,-614,-609,-802,-797]} 1. e4 c5 2. Nc3 d6 3. d4 cxd4 4. Qxd4 Nc6 5. Qd2 g6 6. b3 {B23: Closed Sicilian: Lines without g3} Bg7 $146 (6... Bh6 7. f4 f5 8. Bb2 Nf6 9. O-O-O O-O 10. Kb1 Bg7 11. exf5 Bxf5 {1-0 (37) Caruana,F (2819)-Vachier Lagrave,M (2779) Stavanger 2019}) 7. Bb2 Nf6 8. O-O-O {The position is equal.} O-O 9. h3 Be6 10. g4 Rc8 (10... a5 $11) 11. Bg2 Qa5 12. Nge2 b5 {[%cal Bb7b5,Bb5b4][%mdl 32]} 13. f4 (13. Kb1 $14) 13... b4 $15 14. Na4 {[#]} Bc4 $1 {[%mdl 512]} 15. g5 {[#]} (15. Kb1 $1 $11 {keeps the balance.}) (15. bxc4 Qxa4) 15... Nh5 $1 $36 {[%mdl 2048] Black has strong initiative.} 16. Bxg7 Kxg7 17. Bf3 $1 Bxe2 18. Bxe2 Ng3 19. Bd3 $2 (19. Bg4 $1 $11) 19... Nxh1 $19 20. Rxh1 Rh8 21. f5 h6 22. Kb1 Ne5 23. fxg6 fxg6 24. gxh6+ Rxh6 25. Nb2 Rch8 26. Qg2 Qc5 27. Qg5 Nc6 28. Qg4 Ne5 $2 (28... Rh5 $19 {Threatens to win with ...Rg5.} 29. Be2 Rg5) 29. Qe6 $2 {[%mdl 8192]} (29. Qg5 $11 Re8 30. Ba6) 29... Qc7 30. Nc4 Qd7 31. Qd5 Rh5 32. Qd4 Qe6 33. Bf1 Qf6 34. Ne3 Nc6 35. Qd1 Qe5 {Played: Qf6-d4} 0-1

[Event "WYCC U16 Open 2019"]
[Site "Mumbai"]
[Date "2019.10.06"]
[Round "6.12"]
[White "Sankalp Gupta"]
[Black "Tomiello, Lucas Costamilan"]
[Result "1-0"]
[WhiteElo "2369"]
[BlackElo "2107"]
[Annotator "ChessBase"]
[PlyCount "101"]
[EventDate "2019.10.02"]
[EventType "swiss"]
[EventCountry "IND"]
[SourceTitle "playchess.com"]
[Source "ChessBase"]
[SourceQuality "1"]
[TimeControl "40/5400+30:1800+30"]

1. e4 c5 2. Nf3 d6 3. d4 cxd4 4. Nxd4 Nf6 5. Nc3 a6 6. Bg5 Nbd7 7. Qe2 h6 8. Bh4 g6 9. f4 e5 10. fxe5 dxe5 11. O-O-O Qc7 12. Nb3 b5 13. Nd5 Nxd5 14. exd5 Bd6 15. Qd2 Bb7 16. Na5 Rc8 17. Nxb7 Qxb7 18. g4 Kf8 19. Bg2 Rc4 20. h3 Kg7 21. Kb1 Rhc8 22. Rc1 a5 23. Rhf1 a4 24. Rf3 f6 25. Qf2 g5 26. Bg3 b4 27. Bf1 Rd4 28. Rd3 Qxd5 29. Qf5 Rd8 30. Bg2 Qc4 31. b3 axb3 32. axb3 Qc7 33. h4 Nf8 34. hxg5 hxg5 35. Be4 Qd7 36. Qf3 Bc5 37. Rf1 Qe6 38. Rh1 Rxd3 39. Bxd3 Bd4 40. Be1 Qe8 41. Qh3 Bc3 42. Qh8+ Kf7 43. Bc4+ Ke7 44. Qg7+ Kd6 45. Bxc3 bxc3 46. Rd1+ Kc6 47. Bb5+ Kxb5 48. Qb7+ Kc5 49. b4+ Kc4 50. Qc7+ Kxb4 51. Rxd8 1-0

[Event "WYCC U16 Open 2019"]
[Site "Mumbai"]
[Date "2019.10.06"]
[Round "6.13"]
[White "Harshavardhan G B"]
[Black "Zetocha, Adrian"]
[Result "1-0"]
[WhiteElo "2362"]
[BlackElo "2043"]
[Annotator "ChessBase"]
[PlyCount "114"]
[EventDate "2019.10.02"]
[EventType "swiss"]
[EventCountry "IND"]
[SourceTitle "playchess.com"]
[Source "ChessBase"]
[SourceQuality "1"]
[TimeControl "40/5400+30:1800+30"]

1. e4 {[%emt 0:00:00]} d6 {[%emt 0:06:16]} 2. d4 {[%emt 0:00:06]} Nf6 {[%emt 0:00:08]} 3. Nc3 {[%emt 0:00:18]} g6 {[%emt 0:00:15]} 4. Be3 {[%emt 0:01:24]} Bg7 {[%emt 0:05:15]} 5. Nf3 {[%emt 0:00:28]} O-O {[%emt 0:01:29]} 6. Qd2 {[%emt 0:01:13]} c6 {[%emt 0:03:12]} 7. Bh6 {[%emt 0:05:46]} Bg4 {[%emt 0:06:39]} 8. Be2 {[%emt 0:05:17]} Bxf3 {[%emt 0:07:44]} 9. Bxf3 {[%emt 0:04:06]} e5 {[%emt 0:01:15]} 10. Bxg7 {[%emt 0:01:52]} Kxg7 {[%emt 0:00:10]} 11. O-O-O {[%emt 0:00:33]} Na6 {[%emt 0:07:26]} 12. h4 {[%emt 0:01:41]} Nc7 {[%emt 0:04:20]} 13. h5 {[%emt 0:02:14]} Qe7 {[%emt 0:00:31]} 14. Be2 {[%emt 0:09:11]} Ne6 {[%emt 0:02:40]} 15. dxe5 {[%emt 0:01:10]} dxe5 {[%emt 0:00:13]} 16. hxg6 {[%emt 0:02:24]} fxg6 {[%emt 0:00:17]} 17. Qh6+ {[%emt 0:04:00]} Kg8 {[%emt 0:08:54]} 18. Bc4 {[%emt 0:00:50]} b5 {[%emt 0:00:42]} 19. Bb3 {[%emt 0:00:44]} Rae8 {[%emt 0:07:50]} 20. f4 {[%emt 0:07:12]} Kh8 {[%emt 0:05:20]} 21. Bxe6 {[%emt 0:11:28]} Qxe6 {[%emt 0:00:14]} 22. f5 {[%emt 0:00:26]} gxf5 {[%emt 0:02:33]} 23. exf5 {[%emt 0:00:09]} Qe7 {[%emt 0:01:01]} 24. Qh4 {[%emt 0:07:59]} b4 {[%emt 0:08:34]} 25. Ne4 {[%emt 0:10:52]} Nxe4 {[%emt 0:00:36]} 26. Qxe4 {[%emt 0:00:05]} Qg5+ {[%emt 0:00:29]} 27. Kb1 {[%emt 0:01:35]} Qxf5 {[%emt 0:01:21]} 28. Qxb4 {[%emt 0:01:12]} Rf7 {[%emt 0:05:01]} 29. Qc4 {[%emt 0:03:06]} Qg6 {[%emt 0:01:50]} 30. Rh6 {[%emt 0:08:03]} Rf4 {[%emt 0:02:53]} 31. Qxc6 {[%emt 0:00:56]} Qxc6 {[%emt 0:02:35]} 32. Rxc6 {[%emt 0:00:05]} e4 {[%emt 0:05:15]} 33. Kc1 {[%emt 0:01:52]} Re7 {[%emt 0:00:16]} 34. Rcd6 {[%emt 0:01:21]} Rf2 {[%emt 0:03:01]} 35. g4 {[%emt 0:04:08]} e3 {[%emt 0:00:27]} 36. Rd8+ {[%emt 0:00:41]} Kg7 {[%emt 0:00:09]} 37. R8d7 {[%emt 0:00:28]} Rxd7 {[%emt 0:01:02]} 38. Rxd7+ {[%emt 0:00:05]} Kf6 {[%emt 0:00:29]} 39. Kd1 {[%emt 0:00:56]} Kg5 {[%emt 0:00:35]} 40. Rd4 {[%emt 0:01:21]} Rg2 {[%emt 0:00:29]} 41. Re4 {[%emt 0:04:27]} Rxg4 {[%emt 0:06:06]} 42. Rxe3 {[%emt 0:00:18]} h5 {[%emt 0:01:31]} 43. Re5+ {[%emt 0:09:11]} Kh6 {[%emt 0:05:04]} 44. Ke1 {[%emt 0:03:42]} h4 {[%emt 0:01:59]} 45. Kf1 {[%emt 0:00:56]} Rd4 {[%emt 0:11:29]} 46. Rc5 {[%emt 0:01:10]} Rd2 {[%emt 0:00:51]} 47. Kg1 {[%emt 0:00:33]} h3 {[%emt 0:03:15]} 48. b4 {[%emt 0:00:55]} h2+ {[%emt 0:01:50]} 49. Kh1 {[%emt 0:00:06]} Kg6 {[%emt 0:00:51]} 50. a4 {[%emt 0:00:54]} Kf6 {[%emt 0:00:05]} 51. b5 {[%emt 0:02:58]} Ke6 {[%emt 0:00:19]} 52. a5 {[%emt 0:01:56]} Kd6 {[%emt 0:02:04]} 53. Rc8 {[%emt 0:05:43]} Kd7 {[%emt 0:01:03]} 54. Rc3 {[%emt 0:00:48]} Ke6 {[%emt 0:00:35]} 55. a6 {[%emt 0:01:49]} Kd6 {[%emt 0:00:30]} 56. Rc8 {[%emt 0:00:56]} Ke5 {[%emt 0:00:30]} 57. b6 {[%emt 0:00:29]} Kd5 1-0

[Event "WYCC U16 Open 2019"]
[Site "Mumbai"]
[Date "2019.10.06"]
[Round "6.14"]
[White "Soham Kamotra"]
[Black "Mis, Mieszko"]
[Result "1/2-1/2"]
[WhiteElo "2091"]
[BlackElo "2345"]
[Annotator "NA"]
[PlyCount "102"]
[EventDate "2019.10.02"]
[EventType "swiss"]
[EventCountry "IND"]
[SourceTitle "playchess.com"]
[Source "ChessBase"]
[SourceQuality "1"]
[TimeControl "40/5400+30:1800+30"]

1. c4 Nf6 2. Nf3 e6 3. e3 c5 4. b3 b6 5. Be2 Bb7 6. Bb2 Be7 7. O-O O-O 8. Nc3 d6 9. d4 Nbd7 {A30: Symmetrical English: Double Fianchetto and Hedgehog} (9... cxd4 10. Nxd4 a6 11. Bf3 Qc7 12. Bxb7 Qxb7 13. Qe2 Nbd7 14. e4 Ne5 15. Rad1 Rfd8 16. Rd2 Ng6 17. g3 Bf8 18. Rfd1 Rab8 19. a4 Rbc8 20. Nf3 Be7 {1-0 (50) Gusain,H (2404)-Turov,M (2579) Taleigao 2019}) 10. Rc1 a6 $146 ({Predecessor:} 10... Rc8 11. Qd2 a6 {0-1 (71) Balaban Voia,A (1814)-Ileana,G (2344) Arad 2019}) 11. Qd2 Qc7 12. Rfd1 Rac8 13. Ba1 Rfd8 14. Qb2 Bf8 15. Qb1 Qb8 16. d5 exd5 17. Nxd5 Bxd5 18. cxd5 Qb7 19. Qf5 Re8 20. Rc4 g6 21. Qh3 Bg7 22. Rh4 Re4 $2 (22... Nf8 $11 {and Black is okay.}) 23. Rxe4 Nxe4 24. Bxa6 Qxa6 25. Qxd7 Bxa1 26. Rxa1 Ra8 27. Qc6 Qa3 28. h4 h6 29. Qb7 Kg7 30. Qe7 Qb2 31. Rf1 Qc2 32. a4 Qd3 33. Qb7 Qa6 34. Qe7 Qd3 35. Qb7 Re8 36. Qxb6 Qxd5 37. Qb5 Re7 38. Qc4 Qxc4 39. bxc4 Ra7 40. Ra1 Ra5 41. Ra3 g5 42. hxg5 hxg5 43. g4 $11 f5 44. gxf5 Kf6 45. Rd3 Rxa4 46. Nd2 Nxd2 47. Rxd2 Rxc4 48. Rxd6+ Kxf5 49. Rd5+ Kg4 50. Kg2 Rc2 51. Rd8 Rb2 1/2-1/2

[Event "WYCC U16 Open 2019"]
[Site "Mumbai"]
[Date "2019.10.06"]
[Round "6.15"]
[White "Jayachandra Srinivas Vellanki"]
[Black "Cardoso Cardoso, Jose Gabriel"]
[Result "0-1"]
[WhiteElo "1967"]
[BlackElo "2313"]
[Annotator "ChessBase"]
[PlyCount "91"]
[EventDate "2019.10.02"]
[EventType "swiss"]
[EventCountry "IND"]
[SourceTitle "playchess.com"]
[Source "ChessBase"]
[SourceQuality "1"]
[TimeControl "40/5400+30:1800+30"]

1. d4 {[%emt 0:00:00]} Nf6 {[%emt 0:00:00]} 2. c4 {[%emt 0:00:03]} e6 {[%emt 0:00:26]} 3. Nf3 {[%emt 0:00:45]} b6 {[%emt 0:00:08]} 4. g3 {[%emt 0:00:05]} Ba6 {[%emt 0:00:09]} 5. Qc2 {[%emt 0:01:14]} Bb7 {[%emt 0:00:10]} 6. Bg2 {[%emt 0:00:51]} c5 {[%emt 0:00:07]} 7. O-O {[%emt 0:01:38]} cxd4 {[%emt 0:05:08]} 8. Nxd4 {[%emt 0:00:24]} Bxg2 {[%emt 0:00:17]} 9. Kxg2 {[%emt 0:00:05]} Qc7 {[%emt 0:00:19]} 10. b3 {[%emt 0:07:10]} Be7 {[%emt 0:03:00]} 11. Bb2 {[%emt 0:03:24]} O-O {[%emt 0:00:12]} 12. Nc3 {[%emt 0:00:55]} d6 {[%emt 0:02:37]} 13. Rfd1 {[%emt 0:01:27]} Nbd7 {[%emt 0:01:03]} 14. e4 {[%emt 0:07:20]} a6 {[%emt 0:02:06]} 15. Qe2 {[%emt 0:03:29]} Qb7 {[%emt 0:02:59]} 16. f3 {[%emt 0:00:14]} Rfe8 {[%emt 0:03:16]} 17. Rd2 {[%emt 0:00:18]} Bf8 {[%emt 0:00:16]} 18. Rad1 {[%emt 0:02:00]} Rec8 {[%emt 0:06:45]} 19. Nc2 {[%emt 0:08:21]} Rab8 {[%emt 0:01:19]} 20. Ba3 {[%emt 0:05:57]} Ne8 {[%emt 0:01:57]} 21. Bb4 {[%emt 0:02:50]} Qa8 {[%emt 0:05:23]} 22. Nd4 {[%emt 0:13:10]} b5 {[%emt 0:03:31]} 23. cxb5 {[%emt 0:03:43]} a5 {[%emt 0:00:12]} 24. Bxd6 {[%emt 0:01:06]} Bxd6 {[%emt 0:12:46]} 25. Nc6 {[%emt 0:00:54]} Rxc6 {[%emt 0:00:37]} 26. bxc6 {[%emt 0:00:09]} Qxc6 {[%emt 0:00:05]} 27. Qc4 {[%emt 0:00:25]} Qxc4 {[%emt 0:05:19]} 28. bxc4 {[%emt 0:01:05]} Ne5 {[%emt 0:00:30]} 29. Rxd6 {[%emt 0:00:46]} Nxd6 {[%emt 0:00:04]} 30. Rxd6 {[%emt 0:00:05]} Rb2+ {[%emt 0:00:02]} 31. Kf1 {[%emt 0:01:33]} g5 {[%emt 0:07:02]} 32. f4 {[%emt 0:02:33]} Nxc4 {[%emt 0:01:08]} 33. Rd8+ {[%emt 0:00:40]} Kg7 {[%emt 0:00:02]} 34. fxg5 {[%emt 0:00:13]} Rxh2 {[%emt 0:05:29]} 35. Rc8 {[%emt 0:05:46]} Ne3+ {[%emt 0:01:21]} 36. Ke1 {[%emt 0:00:08]} Rc2 {[%emt 0:02:04]} 37. Rc5 {[%emt 0:02:24]} Kg6 {[%emt 0:01:09]} 38. a4 {[%emt 0:00:35]} Kh5 {[%emt 0:00:49]} 39. e5 {[%emt 0:01:30]} Kg4 {[%emt 0:09:10]} 40. Ne4 Kf3 {[%emt 0:00:23]} 41. Nd2+ {[%emt 0:31:41]} Kxg3 {[%emt 0:31:06]} 42. Rb5 {[%emt 0:00:43]} Nd5 {[%emt 0:19:01]} 43. Rxa5 {[%emt 0:01:07]} Nc3 {[%emt 0:01:10]} 44. Nb3 {[%emt 0:01:12]} Re2+ {[%emt 0:00:00]} 45. Kf1 {[%emt 0:00:00]} Rb2 {[%emt 0:00:00]} 46. Rb5 0-1

[Event "WYCC U16 Open 2019"]
[Site "Mumbai"]
[Date "2019.10.06"]
[Round "6.16"]
[White "Atri Chattopadhyay"]
[Black "Wachinger, Nikolas"]
[Result "0-1"]
[WhiteElo "1920"]
[BlackElo "2297"]
[Annotator "ChessBase"]
[PlyCount "76"]
[EventDate "2019.10.02"]
[EventType "swiss"]
[EventCountry "IND"]
[SourceTitle "playchess.com"]
[Source "ChessBase"]
[SourceQuality "1"]
[TimeControl "40/5400+30:1800+30"]

1. e4 c5 2. c3 d5 3. exd5 Qxd5 4. d4 g6 5. Be3 cxd4 6. cxd4 Bg7 7. Nc3 Qa5 8. Nf3 Nh6 9. Bc4 O-O 10. O-O Nf5 11. Qe2 Nc6 12. d5 Ne5 13. Nxe5 Bxe5 14. h3 Bd7 15. Bb6 Qxb6 16. Qxe5 Qd4 17. Qxd4 Nxd4 18. Rfd1 Nf5 19. Ne4 Rfc8 20. Bb3 a5 21. a4 Ra6 22. Rac1 Rxc1 23. Rxc1 Rb6 24. Rc7 Rxb3 25. Rxd7 Rb4 26. g4 Nd4 27. Rxe7 Kf8 28. d6 Nc6 29. Nf6 Nxe7 30. dxe7+ Kxe7 31. Nd5+ Kd6 32. Nxb4 axb4 33. Kf1 Kc5 34. Ke2 Kc4 35. Kd2 Kb3 36. Kc1 g5 37. a5 Ka2 38. f3 b3 0-1

[Event "WYCC U16 Open 2019"]
[Site "Mumbai"]
[Date "2019.10.07"]
[Round "7.1"]
[White "Niemann, Hans Moke"]
[Black "Makarian, Rudik"]
[Result "1-0"]
[WhiteElo "2439"]
[BlackElo "2386"]
[Annotator "ChessBase"]
[PlyCount "122"]
[EventDate "2019.10.02"]
[EventType "swiss"]
[EventCountry "IND"]
[SourceTitle "playchess.com"]
[Source "ChessBase"]
[SourceQuality "1"]
[TimeControl "40/5400+30:1800+30"]

1. d4 {[%emt 0:00:00]} Nf6 {[%emt 0:00:00]} 2. c4 {[%emt 0:00:00]} e6 {[%emt 0:00:00]} 3. Nf3 {[%emt 0:00:00]} c5 {[%emt 0:00:53]} 4. d5 {[%emt 0:00:00]} exd5 {[%emt 0:00:20]} 5. cxd5 {[%emt 0:02:21]} g6 {[%emt 0:00:05]} 6. Nc3 {[%emt 0:00:32]} d6 {[%emt 0:00:10]} 7. Bf4 {[%emt 0:00:48]} Bg7 {[%emt 0:00:04]} 8. h3 {[%emt 0:00:05]} O-O {[%emt 0:00:03]} 9. e3 {[%emt 0:00:08]} Ne8 {[%emt 0:00:01]} 10. Be2 {[%emt 0:00:34]} Nd7 {[%emt 0:00:04]} 11. O-O {[%emt 0:00:06]} Ne5 {[%emt 0:00:01]} 12. Nd2 {[%emt 0:00:39]} Rb8 {[%emt 0:00:25]} 13. a4 {[%emt 0:02:21]} b6 {[%emt 0:00:30]} 14. Bg3 {[%emt 0:01:05]} f5 {[%emt 0:05:06]} 15. Rb1 {[%emt 0:06:16]} Nc7 {[%emt 0:07:09]} 16. Nb5 {[%emt 0:07:31]} Nxb5 {[%emt 0:18:10]} 17. axb5 {[%emt 0:00:05]} Bd7 {[%emt 0:02:36]} 18. f4 {[%emt 0:04:03]} Nf7 {[%emt 0:00:14]} 19. Qb3 {[%emt 0:00:10]} a6 {[%emt 0:14:16]} 20. bxa6 {[%emt 0:06:05]} b5 {[%emt 0:00:18]} 21. Qa3 {[%emt 0:00:58]} Qb6 {[%emt 0:03:32]} 22. b4 {[%emt 0:00:05]} Ra8 {[%emt 0:10:39]} 23. bxc5 {[%emt 0:00:08]} dxc5 {[%emt 0:00:04]} 24. Nc4 {[%emt 0:00:51]} Qxa6 {[%emt 0:03:17]} 25. Qxa6 {[%emt 0:00:27]} Rxa6 {[%emt 0:00:01]} 26. Ne5 {[%emt 0:00:07]} Rd6 {[%emt 0:00:34]} 27. Nxd7 {[%emt 0:01:30]} Rxd7 {[%emt 0:00:05]} 28. Rfc1 {[%emt 0:12:07]} c4 {[%emt 0:07:26]} 29. Rxb5 {[%emt 0:01:01]} Nd6 {[%emt 0:00:41]} 30. Rb6 {[%emt 0:04:52]} Re8 {[%emt 0:03:32]} 31. Bf2 {[%emt 0:00:38]} Bd4 {[%emt 0:05:31]} 32. exd4 {[%emt 0:00:11]} Rxe2 {[%emt 0:00:02]} 33. Be1 {[%emt 0:00:28]} Ne4 {[%emt 0:14:08]} 34. Bb4 {[%emt 0:00:02]} c3 {[%emt 0:00:34]} 35. Bxc3 {[%emt 0:00:31]} Nxc3 {[%emt 0:00:11]} 36. Rxc3 {[%emt 0:00:03]} Re4 {[%emt 0:01:09]} 37. Rc4 {[%emt 0:01:08]} Kf7 {[%emt 0:02:38]} 38. g3 {[%emt 0:03:23]} Rxd5 {[%emt 0:02:55]} 39. Rb7+ {[%emt 0:00:03]} Re7 {[%emt 0:00:35]} 40. Rxe7+ {[%emt 0:00:07]} Kxe7 {[%emt 0:00:02]} 41. Kf2 {[%emt 0:30:05]} Ra5 {[%emt 0:31:49]} 42. g4 {[%emt 0:07:52]} Kd6 {[%emt 0:00:00]} 43. Kg3 {[%emt 0:00:00]} Ra3+ {[%emt 0:00:00]} 44. Kh4 {[%emt 0:00:00]} Rf3 {[%emt 0:00:00]} 45. d5 {[%emt 0:00:00]} Kxd5 {[%emt 0:00:00]} 46. Rc7 {[%emt 0:00:00]} Rxf4 {[%emt 0:00:00]} 47. Kg5 {[%emt 0:00:00]} Ra4 {[%emt 0:00:00]} 48. Rxh7 {[%emt 0:00:00]} fxg4 {[%emt 0:00:00]} 49. Rh4 {[%emt 0:00:00]} Ra3 {[%emt 0:00:00]} 50. hxg4 {[%emt 0:00:00]} Ra4 {[%emt 0:00:00]} 51. Rh6 {[%emt 0:00:00]} Ke6 {[%emt 0:00:00]} 52. Rxg6+ {[%emt 0:00:00]} Kf7 {[%emt 0:00:00]} 53. Kh6 {[%emt 0:00:00]} Ra1 {[%emt 0:00:00]} 54. Rg7+ {[%emt 0:00:00]} Kf8 {[%emt 0:00:00]} 55. g5 Ra6+ {[%emt 0:04:13]} 56. Kh7 {[%emt 0:00:00]} Ra5 {[%emt 0:00:02]} 57. Rg8+ {[%emt 0:00:00]} Ke7 {[%emt 0:00:24]} 58. g6 {[%emt 0:00:00]} Ra1 {[%emt 0:01:51]} 59. Kg7 {[%emt 0:00:00]} Ra7 {[%emt 0:00:46]} 60. Rf8 {[%emt 0:00:00]} Ke6+ {[%emt 0:00:09]} 61. Kh8 {[%emt 0:00:00]} Kd5 1-0

[Event "WYCC U16 Open 2019"]
[Site "Mumbai"]
[Date "2019.10.07"]
[Round "7.2"]
[White "Aronyak Ghosh"]
[Black "Moksh Amit Doshi"]
[Result "1/2-1/2"]
[WhiteElo "2380"]
[BlackElo "2328"]
[Annotator "ChessBase"]
[PlyCount "90"]
[EventDate "2019.10.02"]
[EventType "swiss"]
[EventCountry "IND"]
[SourceTitle "playchess.com"]
[Source "ChessBase"]
[SourceQuality "1"]
[TimeControl "40/5400+30:1800+30"]

1. b3 d5 2. e3 e5 3. Bb2 Bd6 4. Nf3 f6 5. c4 c6 6. Nc3 Ne7 7. d4 e4 8. Nd2 O-O 9. Be2 f5 10. g3 Be6 11. Qc1 Nd7 12. Ba3 Nf6 13. cxd5 cxd5 14. Bxd6 Qxd6 15. Nb5 Qd7 16. Qc7 Rfc8 17. Qxd7 Bxd7 18. Na3 Rc3 19. O-O Rac8 20. Ndb1 R3c7 21. Nd2 Rc3 22. Ndb1 R3c7 23. Nd2 a6 24. b4 Ba4 25. Bd1 b5 26. Bxa4 bxa4 27. b5 axb5 28. Nxb5 Rc2 29. Nb1 g5 30. N1a3 Re2 31. Rfe1 Rxe1+ 32. Rxe1 f4 33. exf4 gxf4 34. f3 exf3 35. Rxe7 fxg3 36. hxg3 Ng4 37. Nc7 Rf8 38. Kf1 Nh2+ 39. Kf2 Ng4+ 40. Kf1 f2 41. Rg7+ Kxg7 42. Ne6+ Kf7 43. Nxf8 Kxf8 44. Nb5 Ke7 45. Nc3 Kd6 1/2-1/2

[Event "WYCC U16 Open 2019"]
[Site "Mumbai"]
[Date "2019.10.07"]
[Round "7.3"]
[White "Daghli, Arash"]
[Black "Soto, Miguel Angel"]
[Result "0-1"]
[WhiteElo "2387"]
[BlackElo "2283"]
[Annotator "ChessBase"]
[PlyCount "91"]
[EventDate "2019.10.02"]
[EventType "swiss"]
[EventCountry "IND"]
[SourceTitle "playchess.com"]
[Source "ChessBase"]
[SourceQuality "1"]
[TimeControl "40/5400+30:1800+30"]

1. d4 {[%emt 0:03:35]} Nf6 {[%emt 0:00:00]} 2. c4 {[%emt 0:00:08]} c5 {[%emt 0:01:21]} 3. d5 {[%emt 0:01:27]} b5 {[%emt 0:00:36]} 4. cxb5 {[%emt 0:00:14]} a6 {[%emt 0:00:20]} 5. b6 {[%emt 0:06:35]} d6 {[%emt 0:01:42]} 6. Nc3 {[%emt 0:00:27]} Nbd7 {[%emt 0:00:54]} 7. e4 {[%emt 0:02:51]} g6 {[%emt 0:01:29]} 8. Nf3 {[%emt 0:00:31]} Bg7 {[%emt 0:01:04]} 9. Bd3 {[%emt 0:01:42]} O-O {[%emt 0:01:26]} 10. h3 {[%emt 0:00:26]} Nxb6 {[%emt 0:04:26]} 11. O-O {[%emt 0:00:08]} Ne8 {[%emt 0:01:40]} 12. Bg5 {[%emt 0:01:35]} h6 {[%emt 0:03:42]} 13. Be3 {[%emt 0:00:26]} Nc7 {[%emt 0:02:36]} 14. Qd2 {[%emt 0:00:23]} Kh7 {[%emt 0:00:52]} 15. Rfe1 {[%emt 0:08:02]} a5 {[%emt 0:12:52]} 16. h4 {[%emt 0:02:07]} Ba6 {[%emt 0:02:56]} 17. h5 {[%emt 0:00:11]} Bxd3 {[%emt 0:07:35]} 18. Qxd3 {[%emt 0:00:02]} Na6 {[%emt 0:01:35]} 19. a3 {[%emt 0:12:49]} Nd7 {[%emt 0:05:51]} 20. Bf4 Qc7 {[%emt 0:16:48]} 21. Nd2 {[%emt 0:05:19]} Nb6 {[%emt 0:12:04]} 22. Rac1 {[%emt 0:06:49]} c4 {[%emt 0:02:15]} 23. Qf1 {[%emt 0:02:58]} Rab8 {[%emt 0:06:36]} 24. Be3 {[%emt 0:03:03]} Rfc8 {[%emt 0:04:26]} 25. Bxb6 {[%emt 0:01:11]} Qxb6 {[%emt 0:04:10]} 26. Nxc4 {[%emt 0:00:12]} Qc7 {[%emt 0:01:34]} 27. Na4 {[%emt 0:01:35]} Nc5 {[%emt 0:00:37]} 28. Nxc5 {[%emt 0:04:56]} Qxc5 {[%emt 0:01:13]} 29. Qe2 {[%emt 0:06:06]} Qb5 {[%emt 0:01:00]} 30. Rc2 {[%emt 0:00:02]} a4 {[%emt 0:00:46]} 31. Rec1 {[%emt 0:00:29]} Rc5 {[%emt 0:00:29]} 32. Qf3 {[%emt 0:01:12]} Rbc8 {[%emt 0:00:33]} 33. Qxf7 {[%emt 0:01:00]} gxh5 {[%emt 0:00:12]} 34. Ne3 {[%emt 0:04:52]} Rxc2 {[%emt 0:00:02]} 35. Rxc2 {[%emt 0:00:03]} Rxc2 {[%emt 0:00:12]} 36. Nxc2 {[%emt 0:03:29]} Qxb2 {[%emt 0:00:16]} 37. Ne3 {[%emt 0:08:37]} Qxa3 {[%emt 0:01:05]} 38. Kh2 {[%emt 0:03:12]} Qc3 {[%emt 0:01:05]} 39. Nf5 {[%emt 0:01:40]} Qf6 {[%emt 0:00:36]} 40. Qe8 {[%emt 0:00:01]} a3 {[%emt 0:00:26]} 41. Nxe7 {[%emt 0:30:52]} Bf8 {[%emt 0:09:05]} 42. Nf5 {[%emt 0:00:00]} a2 {[%emt 0:03:06]} 43. Qd7+ {[%emt 0:00:00]} Kh8 {[%emt 0:00:20]} 44. Ne7 Kg7 45. Qe8 Kh7 46. Ng6 0-1

[Event "WYCC U16 Open 2019"]
[Site "Mumbai"]
[Date "2019.10.07"]
[Round "7.4"]
[White "Kushagra Mohan"]
[Black "Pogosyan, Stefan"]
[Result "1/2-1/2"]
[WhiteElo "2309"]
[BlackElo "2364"]
[Annotator "ChessBase"]
[PlyCount "70"]
[EventDate "2019.10.02"]
[EventType "swiss"]
[EventCountry "IND"]
[SourceTitle "playchess.com"]
[Source "ChessBase"]
[SourceQuality "1"]
[TimeControl "40/5400+30:1800+30"]

1. e4 c5 2. Nf3 Nc6 3. d4 cxd4 4. Nxd4 e6 5. Nc3 Qc7 6. f4 a6 7. Be2 d6 8. Be3 Nf6 9. O-O Be7 10. Qe1 O-O 11. Rd1 Nxd4 12. Bxd4 e5 13. fxe5 dxe5 14. Qg3 Bc5 15. Bxc5 Qxc5+ 16. Kh1 Qe7 17. Bc4 Be6 18. Qxe5 Ng4 19. Nd5 Qh4 20. Qf4 g5 21. Qg3 Qxg3 22. hxg3 Bxd5 23. Rxd5 Ne3 24. Rxg5+ Kh8 25. Rxf7 Nxc4 26. Rxb7 Ne3 27. Rgg7 Rf1+ 28. Kh2 h5 29. g4 Nxg4+ 30. Kg3 Re8 31. Rh7+ Kg8 32. Rbg7+ Kf8 33. Ra7 Kg8 34. Rag7+ Kf8 35. Ra7 Kg8 1/2-1/2

[Event "WYCC U16 Open 2019"]
[Site "Mumbai"]
[Date "2019.10.07"]
[Round "7.5"]
[White "Bilych, Olexiy"]
[Black "Stork, Oliver"]
[Result "1-0"]
[WhiteElo "2281"]
[BlackElo "2314"]
[Annotator "ChessBase"]
[PlyCount "57"]
[EventDate "2019.10.02"]
[EventType "swiss"]
[EventCountry "IND"]
[SourceTitle "playchess.com"]
[Source "ChessBase"]
[SourceQuality "1"]
[TimeControl "40/5400+30:1800+30"]

1. e4 {[%emt 0:00:00]} c6 {[%emt 0:00:00]} 2. d4 {[%emt 0:00:00]} d5 {[%emt 0:00:00]} 3. exd5 {[%emt 0:00:00]} cxd5 {[%emt 0:00:00]} 4. Bd3 {[%emt 0:00:00]} Nc6 {[%emt 0:00:00]} 5. c3 {[%emt 0:00:00]} Qc7 {[%emt 0:00:01]} 6. Na3 {[%emt 0:00:00]} a6 {[%emt 0:04:14]} 7. Nc2 {[%emt 0:00:00]} Nf6 {[%emt 0:00:33]} 8. h3 {[%emt 0:00:00]} g6 {[%emt 0:02:43]} 9. Bg5 {[%emt 0:05:19]} Bg7 {[%emt 0:04:52]} 10. Ne3 {[%emt 0:03:18]} Be6 {[%emt 0:23:07]} 11. Ne2 {[%emt 0:01:44]} O-O {[%emt 0:01:19]} 12. O-O {[%emt 0:03:03]} Nh5 {[%emt 0:09:07]} 13. g4 {[%emt 0:14:38]} f6 {[%emt 0:12:01]} 14. Bh4 {[%emt 0:00:09]} Nf4 {[%emt 0:00:31]} 15. Nxf4 {[%emt 0:01:57]} Qxf4 {[%emt 0:00:05]} 16. Bg3 {[%emt 0:01:40]} Qh6 {[%emt 0:00:05]} 17. Kg2 {[%emt 0:04:07]} Rfd8 {[%emt 0:05:57]} 18. f4 {[%emt 0:08:42]} Bf8 {[%emt 0:01:55]} 19. h4 {[%emt 0:06:38]} Bf7 {[%emt 0:08:43]} 20. h5 {[%emt 0:04:37]} Qg7 {[%emt 0:06:17]} 21. g5 {[%emt 0:09:59]} fxg5 {[%emt 0:07:24]} 22. h6 {[%emt 0:02:38]} Qf6 {[%emt 0:07:38]} 23. Ng4 {[%emt 0:00:07]} Qe6 {[%emt 0:01:20]} 24. fxg5 {[%emt 0:01:27]} Qd7 {[%emt 0:01:46]} 25. Ne5 {[%emt 0:05:17]} Nxe5 {[%emt 0:00:10]} 26. Bxe5 {[%emt 0:00:05]} Be6 {[%emt 0:02:03]} 27. Qf3 {[%emt 0:00:24]} Rac8 {[%emt 0:01:06]} 28. Bxg6 {[%emt 0:00:31]} Bh3+ {[%emt 0:00:31]} 29. Kh2 {[%emt 0:00:10]} 1-0